00592 2200217 4500001002100000005001500021035002500036008004100061245003700102100001600139710004000155250000600195260004600201300002500247020002200272082000800294084000800302650002900310990001700339990001800356INLIS00000000000029520251219090429 a0010-121900000000295251219 | ind 1 aBuku Pintar islam /cIzza Rohman0 aIzza Rohman0 aTohirin, Ma'ruf, dan Ervan Nurtawab a1 aJakarta : Zaman :bJakarta : Zaman,c2009 a472 hlm. ;c472 hlm. a9,7897902416e+012 a200 a2X0 4aAl-Qur'an dan Hadist 2X0 aB20140530570 aB201505221794